000 01472cam a22004694i 4500
003 PE-LiUPU
005 20250731173457.0
008 150616s r 000 0 d
020 _a094357577X
035 _a(Sirsi) i9780943575773
040 _aPE-LiUPU
_bspa
_cPE-LiUPU
_erda
049 _aPRUA
082 0 4 _a221.956
_bM442m
_223
100 1 _aMatthews, Victor H.,
_eautor.
245 1 0 _aManners and Customs in The Bible /
_cVictor H. Matthews.
264 1 _aMassachusetts :
_bHendrickson Publishers,
_c1993.
300 _a283 páginas :
_bIlustraciones ;
_c23 centímetros.
336 _atext
_2rdacontent
337 _aunmediated
_2rdamedia
338 _avolume
_2rdacarrier
504 _aIncluye bibliografía.
505 0 _aPatriarchal period -- Exodus-settlement period -- Monarchy period -- Exile and return -- Intertestamental and New Testament period.
526 _aSEG42
526 _aSEG41
526 _aSEG40
526 _aSEG39
526 _aP94
526 _aP87
526 _aP86
526 _aP85
526 _aP77
526 _aP76
526 _aP35
630 1 4 _aBiblia
_xAntigüedades.
650 2 4 _aJudios
_xVida social y costumbres
_yA 70 d. de JC.
651 2 4 _aPalestina
_xVida social y costumbres
_yA 70 d. de JC.
910 _ajck
942 _2ddc
_cBK
999 _c57937
_d57937
980 _81
_gALBERTO SANCHEZ Responsable de Automatización